000 01136nam a2200313 4500
001 0000015592
003 CO-CtgCURN
005 20250506203458.0
008 160627s1993 000 0 eng d
020 _a8475090362
040 _aCO-CtgCURN
_bspa
_ccoctgcurn
082 0 _a177.6
_bF76a
100 1 _aFromm, Erich.
245 1 3 _aEl arte de amar :
_buna Investigación sobre la naturaleza del amor /
_cErich Fromm , traducción Noemi Rosenblatt.
260 _aBarcelona :
_bPaidos,
_c1993.
300 _a128 p.
336 _2rdacontent
337 _2rdamedia
_asin mediacion
_bn
338 _2rdacarrier
_avolumen
_bnc
490 1 _aPaidos studio
500 _aTraducción de: The art of loving.
505 8 _a℗ʺEs el amor un arte?.--La teoria del amor.--El amor y su desintegracion en la sociedad occidental contemporanea.--La practica del amor
650 0 _aAmor.
700 1 _aRosenblatt, Noemi,
_eTraductor.
740 0 _auna Investigación sobre la naturaleza del amor.
908 _a160627
942 _cBK
_h177.6
_iF76a
_2ddc
_02
999 _c48114
_d48114
_x1